000 00327cam a2200133ua 4500
003 OSt
008 221123b |||||||| |||| 00| 0 eng d
041 _aeng
082 _a923.2
_bPUB/JA
245 _aJawaharlal Nehru: Homage /
260 _aIndia :
_bMinistry of I&B, Govt. of India ,
_c1964.
300 _a112 ; .
942 _cBK
999 _c6098
_d6098